1550 1844 1125 1677 1195 1395 1896 1645 1901 1769 1194 1242 1795 1547 1306 1095 1862 1170 1038 1014 1522 1663 1013 1782 1761 1700 1349 1243 1762 1506 1446 1925 1542 1295 1942 1814 1719 1882 1785 1646 1214 1500 1287 1707 1533 1116 1816 1286 1135 1937 1892 1542 1227 1343 1087 1557 1334 1866 1801 1671 1786 1312 1828 1958 1181 1041 1645 1683 1006 1884 1014 1396 1497 1972 1835 1631 1428 1221 1543 1220 1073 1796 1845 1591 1504 1946 1916 1868 1604 1711 1480 1059 1285 1165 1459 1552 1647 1251 1827 BCNSPRNW ULIB Ver.6.0+V

เปลี่ยนเป็นภาษาไทย

Change to English
 แสดงรายละเอียดบรรณานุกรม
  กลับหน้าหลัก

Brief Record : Get Marc (ISO 2709) : E-mail record : QR code < ปิดหน้าต่าง
LEADER : 00000nam 2200000uu 4500
001    13399111118
003     ULIB
008    110616s2547||||th 000 0 tha d
060  4 WY32.JT3^bส117ข 2547
110 1  สาขาภาคเหนือ สมาคมพยาบาลแห่งประเทศไทย
245 00 ข้อบังคับ ระเบียบ และประกาศเกี่ยวกับการปฏิบัติวิชาชีพพยาบาล^cสาขาภาคเหนือ สมาคมพยาบาลแห่งประเทศไทย
260    เชียงใหม่:^cสำนักงานคณะพยาบาลศาสตร์ มหาวิทยาลัยเชียงใหม่,2547
300    36 หน้า
650  7 วิชาชีพพยาบาล
650  7 วิชาชีพพยาบาล^xระเบียบและข้อบังคับ
945    ^p0^l0^i017880
945    ^p0^l0^i017878
945    ^p0^l0^i017876
945    ^p0^l0^i017881
945    ^p0^l0^i017879
945    ^p0^l0^i017877
995    เกษร
999 ^a ใช้งานได้ทุกระบบ
รายการนี้ยังไม่มีแท็ก
คุณยังไม่ได้ล็อกอิน คุณสามารถมีกิจกรรมร่วมกับเว็บไซต์ได้ แต่ต้องล็อกอินก่อน ::
  ล็อกอิน

รายการสื่อสารสนเทศ

ลำดับที่ ประเภท เลขเรียก/บาร์โค้ด สถานที่ สถานะ
1. วิทยาศาสตร์การแพทย์ และสุขภาพ
วิทยาศาสตร์การแพทย์ และสุขภาพ
WY32.JT3 ส117ข 2547 ฉ.3 
  Barcode: 017878
ห้องสมุดวิทยาเขตนครสวรรค์
►ส่วนจัดเก็บหนังสือเก่า นว.
บนชั้น
  ขอยืม

รายการใกล้เคียง
    หัวเรื่อง [วิชาชีพพยาบาล]

BibComment


ยังไม่เคยถูกคอมเมนท์

คอมเมนท์ทรัพยากรรายการนี้
  คอมเมนท์: ข้อบังคับ ระเบียบ..


 Copyright 2026. Bcnsprnw @Library